000 00625nam a22002177a 4500
003 DO-SdBNP
005 20180315101311.0
008 170731b 20uu sp 0 spa d
040 _aBPMSU
_bspa
_cBPMSU
100 _aGil, Carmen
245 _aLos sueños de Peca y Lino /
_cCarmen gil ; ilustradora Ana Guillén
260 _a[Madrid] :
_bSM,
_c[2012?]
300 _a[10] p. :
_bil. ;
_c20 cm.
490 _aPeca y Lino
500 _aDatos tomados de la cubierta
700 _aAna Guillén
_eils.
830 _aPeca y Lino
942 _2ddc
_cBK
945 _aInventariado, 218 / BT
956 _aVMATEO
_b10
_c20170731
_dBPMSU
_f0069
999 _c12595
_d12595